Bangla kavita samuchchay : (Record no. 6566)

MARC details
000 -LEADER
fixed length control field 00592cam a2200217ua 4500
001 - CONTROL NUMBER
control field 7448
005 - DATE AND TIME OF LATEST TRANSACTION
control field 20260515114220.0
008 - FIXED-LENGTH DATA ELEMENTS--GENERAL INFORMATION
fixed length control field 141210n ii |||gr||||Z||||||ben
020 ## - INTERNATIONAL STANDARD BOOK NUMBER
International Standard Book Number 8172014325
040 ## - CATALOGING SOURCE
Transcribing agency MAIN
041 ## - LANGUAGE CODE
Language code of text/sound track or separate title ben
082 ## - DEWEY DECIMAL CLASSIFICATION NUMBER
Classification number 891.441
100 ## - MAIN ENTRY--PERSONAL NAME
Personal name Bandyopadhyay, A. Kr.,
Relator term Editor.
245 1# - TITLE STATEMENT
Title Bangla kavita samuchchay :
Remainder of title 1941-1985 vol II /
Statement of responsibility, etc. Edited by Asit Kr. Bandyopadhyay .
250 ## - EDITION STATEMENT
Edition statement 1st.
260 ## - PUBLICATION, DISTRIBUTION, ETC.
Place of publication, distribution, etc. New Delhi:
Name of publisher, distributor, etc. Sahitya akademi,
Date of publication, distribution, etc. 1993.
300 ## - PHYSICAL DESCRIPTION
Extent 361p.
653 ## - INDEX TERM--UNCONTROLLED
Uncontrolled term East Indo-European & Celtic literatures
653 ## - INDEX TERM--UNCONTROLLED
Uncontrolled term Bengali poems
942 ## - ADDED ENTRY ELEMENTS (KOHA)
Koha item type Books
Holdings
Withdrawn status Lost status Damaged status Not for loan Home library Current library Shelving location Date acquired Total checkouts Full call number Barcode Date last seen Copy number Price effective from Koha item type
        Naharkatiya College Library Naharkatiya College Library General stacks 09/19/2020   891.441 | BAN 12646 09/19/2020 1 09/19/2020 Books